000 00623nam a2200181 4500
008 161007b xxu||||| |||| 00| 0 eng d
020 _a9814058823
082 _22001
_aDC 658.5
_bH36
100 _915768
_aHeizer, Jay H.
245 _aPrinciples of operations management/
_cJay H. Heizer and Barry Render.
250 _a4th edition
260 _aNew Jersey:
_bPrentice Hall,
_cc2001.
300 _axxxi, 116 pages:
_billustrations;
_c25 cm.
500 _aIncludes bibliographical references appendices and index.
650 0 _915769
_aProduction management
700 _915770
_aRender, Barry
_eAuthor
942 _2ddc
_cDC
999 _c5041
_d5041